000 01320nam a22002657a 4500
005 20080915150959.0
008 080915t xxu||||| |||| 00| 0 hin d
010 _aHIN-91469
020 _c195.00
_a9788131731970
035 _aHN-63815
037 _bDBAD / PUB
040 _aDPL
_bHN
082 _a158.1
100 _925136
_aरिचर्ड टेंपलर
245 _aकार्य के नियम /
_cरिचर्ड टेंपलर; सुधीर दीक्षित द्वारा अनुदित
246 _aKarya ke niyam
_bby Richard Templar
260 _aभोपाल
_bमंजुल पब्लिशिंग हाउस
_c2010
270 _aदूसरी मंजिल, उषा प्रीत कॉम्पलेक्स, 42 मालवीय नगर
_bभोपाल
_e462003
_k91 755 424 0340
_l91 755 4055791
_mmanjul@manjulindia.com
300 _a243पृ
_c22सेमी (अजिल्द)
650 _91169
700 _925138
_aदीक्षित, सुधीर
700 _925157
942 _adpl
_cHN
_2ddc
_mरिचर्ड
_h158.1
999 _c49717
_d49717